000 00969nam a2200325 ia4500
001 C2-0319365
003 PPAK
005 20230808115233.0
008 121029t19961996enka j 0 0 eng d
020 _a9780753405192
_cRM10.00 (Hadiah)
_qhardback
040 _aPPAK
_beng
_cPPAK
_erda
082 0 4 _a032
_223
090 0 0 _a032
_bMEA
_dRK
090 2 0 _a032
_bMEA
_dK
100 1 _aMead, Richard,
_eauthor.
245 1 0 _aThe Telephone Rings :
_band Other Questions About Communication /
_cRichard Mead
264 1 _aLondon :
_bKINGFISHER,
_c1996
264 4 _c©1996
300 _a32 pages :
_bcolour illustrations ;
_c29 cm
336 _2rdacontent
_atext
337 _2rdamedia
_aunmediated
338 _2rdacarrier
_avolume
490 1 _aI Wonder Why
500 _aCD
500 _aIncludes index
650 1 0 _aQuestion and answers
650 2 0 _aCommunication
_vJuvenile literature
830 0 _aI wonder why
942 _cB
_2ddc
999 _c120192
_d120192